000 01216cam a2200337 a 4500
999 _c20867
_d20867
001 13442562
003 OSt
005 20200612141919.0
008 030926s2003 ii a b 001 0 eng
010 _a 2003333604
020 _a8178240556
020 _a9788178240558
025 _aI-E-2003-333604; 28-92; 60-30; 61-30
035 _a(DLC) 2003333604
037 _bLibrary of Congress -- New Delhi Overseas Office
_cRs550.00
040 _aDLC
_coclc
_dDLC
042 _alcode
043 _aa-ii---
050 0 0 _aZ186.I4
_bB53 2003
082 0 0 _a070.5095482
_bBLA/P
100 _aBlackburn, Stuart H
_92851
245 1 0 _aPrint, folklore, and nationalism in colonial South India /
_cStuart Blackburn
260 _aDelhi :
_bPermanent Black,
_cc2003.
300 _a247 p. :
_bill. ;
_c22 cm.
504 _aIncludes bibliographical references (p. [218]-238) and index.
650 0 _aPrinting
_zIndia, South
_xHistory.
650 0 _aFolklore and nationalism
_zIndia, South
_xHistory.
906 _a7
_bcbc
_corigode
_d3
_encip
_f20
_gy-gencatlg
942 _2ddc
_cBK
_h070.5095482
_iBLA/P
_k070.5095482
_mBLA/P